مكتبة جامعة عجلون الوطنية

فهرس بحث المكتبة

معجم أبو غزالة للمحاسبة والأعمال = Abu-ghzaleh accuntancy & business dictionary  (Record no. 14612)

MARC details
000 -LEADER
fixed length control field 00779nam a2200205Ii 4500
003 - CONTROL NUMBER IDENTIFIER
control field JO-AjNU
008 - FIXED-LENGTH DATA ELEMENTS--GENERAL INFORMATION
fixed length control field 230605s9999||||xx |||||||||||||| ||und||
017 ## - COPYRIGHT OR LEGAL DEPOSIT NUMBER
Copyright or legal deposit number 2039/6/2000
040 ## - CATALOGING SOURCE
Original cataloging agency JO-AjNU
Language of cataloging ara
Description conventions rda
Transcribing agency JO-AjNU
041 ## - LANGUAGE CODE
Language code of text/sound track or separate title ara
050 14 - LIBRARY OF CONGRESS CALL NUMBER
Classification number HF5621.A28.2001
100 3# - MAIN ENTRY--PERSONAL NAME
Personal name أبو غزالة، طلال,
Relator term author
9 (RLIN) 28465
245 00 - TITLE STATEMENT
Title معجم أبو غزالة للمحاسبة والأعمال = Abu-ghzaleh accuntancy & business dictionary 
264 31 - PRODUCTION, PUBLICATION, DISTRIBUTION, MANUFACTURE, AND COPYRIGHT NOTICE
Place of production, publication, distribution, manufacture بيروت: دار العلم للملايين، 2000
300 ## - PHYSICAL DESCRIPTION
Extent 630ص
336 ## - CONTENT TYPE
Content type term text
Content type code txt
Source rdacontent
337 ## - MEDIA TYPE
Media type term unmediated
Media type code n
Source rdamedia
338 ## - CARRIER TYPE
Carrier type term volume
Carrier type code nc
Source rdacarrier
650 #4 - SUBJECT ADDED ENTRY--TOPICAL TERM
Topical term or geographic name entry element المحاسبة -- معجم مصطلحات -- إدارة الأعمال -- معجم مصطلحات
9 (RLIN) 28466
Holdings
Withdrawn status Lost status Source of classification or shelving scheme Damaged status Not for loan Home library Current library Shelving location Date acquired Total Checkouts Full call number Barcode Date last seen Price effective from Koha item type
    Library of Congress Classification     مكتبة جامعة عجلون الوطنية مكتبة جامعة عجلون الوطنية المراجع 06/06/2023   HF5621.A28.2001 A11044 06/06/2023 06/06/2023 Reference